kku e-library facility

A Woman's guide to spiritual warfare : (Record no. 45)

MARC details
000 -LEADER
fixed length control field 00550nam a22001577a 4500
008 - FIXED-LENGTH DATA ELEMENTS--GENERAL INFORMATION
fixed length control field 250212b |||||||| |||| 00| 0 eng d
010 ## - LIBRARY OF CONGRESS CONTROL NUMBER
LC control number BV4527 .S43 1991
020 ## - INTERNATIONAL STANDARD BOOK NUMBER
International Standard Book Number 0892837144 :
100 ## - MAIN ENTRY--PERSONAL NAME
Personal name Sherrer, Quin.
245 ## - TITLE STATEMENT
Title A Woman's guide to spiritual warfare :
Remainder of title a woman's guide for battle /
Statement of responsibility, etc. Quin Sherrer and Ruthanne Garlock.
260 ## - PUBLICATION, DISTRIBUTION, ETC.
Place of publication, distribution, etc. Ann Arbor, Mich. :
Name of publisher, distributor, etc. Servant Publications,
Date of publication, distribution, etc. 1991.
300 ## - PHYSICAL DESCRIPTION
Extent 236 p. ;
Dimensions 21 cm.
500 ## - GENERAL NOTE
Materials specified Book
General note Includes bibliographical references (p. 231-232).
942 ## - ADDED ENTRY ELEMENTS (KOHA)
Source of classification or shelving scheme Library of Congress Classification

No items available.

©2025 All rights reserved. KKU